Loading...
| Literature - British | 0 | 7 | 1 | 1 | 65 | 41 | 96.29 | 1 | 4 | 0.00 | 0.00 |
| Literature - European | 0 | 6 | 0 | 2 | 60 | 53 | 102.83 | 1 | 2 | 0.00 | 0.00 |
| Fine Arts - Classical Music | 0 | 5 | 0 | 0 | 50 | 59 | 96.40 | 1 | 2 | 0.00 | 0.00 |
| Science - Physics | 0 | 5 | 0 | 0 | 50 | 71 | 87.20 | 0 | 2 | 0.00 | 0.00 |
| Science - Biology | 0 | 5 | 1 | 0 | 45 | 42 | 68.00 | 1 | 2 | 0.00 | 0.00 |
| Fine Arts - Other | 0 | 4 | 0 | 1 | 40 | 57 | 87.00 | 0 | 2 | 0.00 | 0.00 |
| History - American | 0 | 3 | 0 | 0 | 30 | 28 | 34.33 | 2 | 3 | 0.00 | 0.00 |
| Religion | 0 | 4 | 2 | 1 | 30 | 54 | 85.00 | 0 | 0 | 0.00 | 0.00 |
| Literature - American | 0 | 3 | 1 | 0 | 25 | 62 | 87.67 | 0 | 2 | 0.00 | 0.00 |
| Philosophy | 0 | 3 | 1 | 1 | 25 | 89 | 99.67 | 0 | 0 | 0.00 | 0.00 |
| Literature - World | 0 | 2 | 0 | 0 | 20 | 79 | 84.00 | 0 | 1 | 0.00 | 0.00 |
| History - Other | 0 | 1 | 0 | 0 | 10 | 74 | 74.00 | 1 | 1 | 0.00 | 0.00 |
| History - World | 0 | 1 | 0 | 0 | 10 | 65 | 65.00 | 0 | 0 | 0.00 | 0.00 |
| Pop Culture | 0 | 1 | 0 | 0 | 10 | 62 | 62.00 | 0 | 1 | 0.00 | 0.00 |
| Science - Other | 0 | 2 | 2 | 1 | 10 | 38 | 66.50 | 0 | 1 | 0.00 | 0.00 |
| Geography | 0 | 1 | 1 | 0 | 5 | 51 | 51.00 | 1 | 1 | 0.00 | 0.00 |
| Mythology | 0 | 1 | 2 | 0 | 0 | 87 | 87.00 | 0 | 0 | 0.00 | 0.00 |
| Science - Chemistry | 0 | 0 | 0 | 0 | 0 | 0.00 | 0 | 0 | 0.00 | 0.00 | |
| Painting/Sculpture | 0 | 0 | 1 | 0 | -5 | 0.00 | 0 | 0 | 0.00 | 0.00 |